Statystyki dla Słynne bitwy II wojny światowej z udziałem Polaków

Kliknij tutaj aby rozwiązać quiz!

Ogólne statystyki

  • Ten quiz został rozwiązany 449 razy
    (281 od ostatniego zresetowania)
  • Średni wynik to 6 z 14

Statystyki odpowiedzi

Dowódca-cy/dywizjon/dataOdpowiedź% Poprawnych
gen. Władysław Anders (11–18 maja 1944)Bitwa o Monte Cassino
84%
mjr Henryk Sucharski (1–7 września 1939)Obrona Westerplatte
78%
dywizjon 300,301,302,303 (15 sierpnia–31 października 1940)Bitwa o Anglię
75%
gen. Tadeusz Kutrzeba (9–18 września 1939)Bitwa nad Bzurą
58%
gen. Tadeusz Komorowski (1 sierpnia–2 października 1944)Powstanie warszawskie
54%
Marszałek Polski Michał Rola-Żymierski (27 kwietnia–2 maja 1945)Bitwa o Berlin
49%
gen. Franciszek Kleeberg (2–5 października 1939)Bitwa pod Kockiem
33%
gen. Stanisław Kopański (19 sierpnia–10 grudnia 1941)Bitwa o Tobruk
32%
kadm. Włodzimierz Steyer wadm. Józef Unrug (1 września–2 października 1939)Obrona Helu
31%
gen. Stanisław Sosabowski (21–26 września 1944)Operacja Market Garden
29%
gen. Stanisław Maczek (8–22 sierpnia 1944)Bitwa pod Falaise
27%
gen. Zygmunt Bohusz-Szyszko (9 kwietnia – 8 czerwca 1940)Bitwa o Narwik
15%
ppor. Konrad Guderski (1 września 1939)Obrona Poczty Polskiej w Gdańsku
6%
gen. Stanisław Maczek (28–30 października 1944)Wyzwolenie Bredy
6%

Rozkład punktacji

Percentyl według liczby udzielonych odpowiedzi

Procent ludzi z każdym wynikiem

Twoja historia wyników

Nie rozwiązałeś tego quizu od ostatniego zresetowania